000
00286nam a22001097a 4500
082
_a
345.4910696
_b
NEG
245
_a
The Negotiable Instruments Act, 1881:
_b
Book No.24 /
260
_a
Karachi:
_b
Pakistan Law House,
_c
N.A.
300
_a
52 p. ;
_c
24 cm.
563
_a
PB.
942
_2
ddc
_c
BK
999
_c
613907
_d
613907